Born in Chester - Statistics

General Stats
  • This quiz has been taken 29 times
  • The average score is 3 of 6
Answer Stats
Hint Answer % Correct
Actor, known for his role as James Bond in five films from 2006 to 2021 1968 Daniel Craig
96%
Former footballer who played for Liverpool, Real Madrid, Manchester United and the English national team 1979 Michael Owen
74%
Goalkeeper for Manchester United 1986 Tom Heaton
44%
Conductor and founder of the BBC Symphony Orchestra 1889 Adrian Boult
15%
Archaeologist who oversaw the excavations of the Indus Valley Civilization 1876 John Marshall
15%
General secretary of the Labour Party 1961 David Evans
11%
No matching quizzes found
Score Distribution
Percent of People with Each Score
Percentile by Number Answered
Your Score History
You have not taken this quiz